Web Wisdom : How to Evaluate and Create Information Quality on the Web /

Obra que ofrece elementos para poder evaluar la calidad de los sitios Web en cuanto a calidad y utilidad informativa. La autora analiza diferentes tipos de páginas Web como son las comerciales, de negocios, informativas, noticiosas, personales y de entretenimiento.

Gorde:
Xehetasun bibliografikoak
Egile nagusia: Alexander, Janet E. (autor)
Beste egile batzuk: Tate, Marsha Ann (autor) (autor)
Formatua: Liburua
Hizkuntza:ingelesa
Argitaratua: Mahwah, EUA : Lawrence Erlbaum Associates, 1999, c1999
Gaiak:
Etiketak: Etiketa erantsi
Etiketarik gabe, Izan zaitez lehena erregistro honi etiketa jartzen!

MARC

LEADER 00000nam^a2200000^a^4500
001 000156652
005 20250521000000.0
009 20260310100511.512
020 |a 0-8058-3122-3 
037 |a Acervo ITESO - Biblioteca 
041 |a ING 
082 |a 621. 38217068  |b ALE 
100 |a Alexander, Janet E.  |e (autor) 
245 1 0 |a Web Wisdom :  |b How to Evaluate and Create Information Quality on the Web /  |c J.E. Alexander, M.A. Tate. 
264 4 |a Mahwah, EUA :  |b Lawrence Erlbaum Associates,  |c 1999, c1999 
300 |a 156 p. 
336 |a texto  |b txt  |2 rdacontenido 
337 |a sin mediación  |b n  |2 rdamedio 
338 |a volumen  |b nc  |2 rdasoporte 
520 |a Obra que ofrece elementos para poder evaluar la calidad de los sitios Web en cuanto a calidad y utilidad informativa. La autora analiza diferentes tipos de páginas Web como son las comerciales, de negocios, informativas, noticiosas, personales y de entretenimiento. 
649 |a XX 
650 |a Páginas en Línea -  |x Evaluación 
650 |a Publicaciones Electrónicas -  |x Evaluación 
650 |a Redes de Computadoras 
650 |a Comunicación en Red -  |x Evaluación 
650 |a Internet 
650 |a Tecnologías de Comunicación e Información 
650 |a Telecomunicaciones 
650 |a Medios de Comunicación 
650 |a Comunicación Masiva 
650 |a Negocios en Internet -  |x Evaluación 
650 |a Recepción y Apropiación de la Comunicación 
650 |a Proceso de Comunicación -  |x Evaluación 
650 |a Sistemas de Información 
650 |a Informática 
650 |a Ingeniería Computacional 
700 |a Tate, Marsha Ann  |e (autor) 
910 |a Fondo General 
920 |a Impresos - Libros 
930 |a Colección General 
905 |a 101 
901 |a 0500085345  |b IT1  |c ACC  |u 20250521 
902 |a https://opac.biblio.iteso.mx/vufind/Record/000156652